000
00311nam a22001337a 4500
008
171121b xxu||||| |||| 00| 0 eng d
020
_a
9781563674457
041
_a
eng
080
_2
5 ED
_a
7
100
_a
44
101
_a
ART
245
_a
VISUAL MERCHANDISING AND DISPLAY
_c
PEGLER.M.M
942
_2
udc
_c
BK
999
_c
38280
_d
38280